San Antonio Spurs All-NBA Players - Statistics

General Stats
  • This quiz has been taken 339 times
    22 since last reset
  • The average score is 8 of 10
Answer Stats
Player % Correct
Tim Duncan
100%
Victor Wembanyama
100%
David Robinson
95%
Kawhi Leonard
95%
Manu Ginóbili
95%
Tony Parker
95%
George Gervin
90%
LaMarcus Aldridge
75%
Dennis Rodman
50%
Alvin Robertson
30%
No matching quizzes found
Score Distribution
Percent of People with Each Score
Percentile by Number Answered
Your Score History
You have not taken this quiz since the last reset